[Event "DVM U16 2021"]
[Site "Kiel GER"]
[Date "2022.07.25"]
[Round "5"]
[White "Weidemann, Jakob"]
[Black "Herter, Arne"]
[Result "1-0"]
[Termination "normal"]
[Board "1.1"]
[WhiteElo "2092"]
[BlackElo "1951"]
[WhiteClock "00:02:25"]
[BlackClock "00:00:49"]
[WhiteTeam "Schachklub Münster 32 e. V."]
[BlackTeam "Schachzwerge Magdeburg"]
[PlyCount "149"]
[WhiteFideId "16255470"]
[BlackFideId "16255372"]
[EventCountry "GER"]
[EventRounds "7"]
[EventType "team-swiss"]
[EventDate "2022.07.22"]

1. e4 {[%clk 01:30:57]} {[%emt 00:00:02]} e5 {[%clk 01:30:56]} {[%emt
00:00:05]} 2. Nf3 {[%clk 01:31:20]} {[%emt 00:00:07]} Nc6 {[%clk 01:31:20]}
{[%emt 00:00:06]} 3. Bc4 {[%clk 01:31:43]} {[%emt 00:00:06]} Bc5 {[%clk
01:31:44]} {[%emt 00:00:07]} 4. O-O {[%clk 01:32:03]} {[%emt 00:00:09]} Nf6
{[%clk 01:31:24]} {[%emt 00:00:51]} 5. d3 {[%clk 01:30:29]} {[%emt 00:02:04]}
d6 {[%clk 01:31:37]} {[%emt 00:00:17]} 6. c3 {[%clk 01:30:50]} {[%emt
00:00:09]} a6 {[%clk 01:31:50]} {[%emt 00:00:17]} 7. Bb3 {[%clk 01:31:11]}
{[%emt 00:00:09]} Ba7 {[%clk 01:32:00]} {[%emt 00:00:20]} 8. Nbd2 {[%clk
01:31:25]} {[%emt 00:00:17]} O-O {[%clk 01:32:05]} {[%emt 00:00:25]} 9. h3
{[%clk 01:31:40]} {[%emt 00:00:14]} Nd7 {[%clk 01:32:08]} {[%emt 00:00:26]} 10.
Nc4 {[%clk 01:15:44]} {[%emt 00:16:26]} Nc5 {[%clk 01:27:03]} {[%emt 00:05:36]}
11. Bc2 {[%clk 01:13:47]} {[%emt 00:02:26]} f5 {[%clk 01:25:30]} {[%emt
00:02:04]} 12. exf5 {[%clk 01:07:05]} {[%emt 00:07:12]} Bxf5 {[%clk 01:24:17]}
{[%emt 00:01:43]} 13. Ne3 {[%clk 01:06:18]} {[%emt 00:01:17]} Bg6 {[%clk
01:20:50]} {[%emt 00:03:57]} 14. b4 {[%clk 00:57:10]} {[%emt 00:09:38]} Nd7
{[%clk 01:17:07]} {[%emt 00:04:13]} 15. Bb3+ {[%clk 00:52:35]} {[%emt
00:05:04]} Kh8 {[%clk 01:12:00]} {[%emt 00:05:38]} 16. Ng4 {[%clk 00:52:05]}
{[%emt 00:01:00]} h6 {[%clk 01:09:12]} {[%emt 00:03:19]} 17. Be3 {[%clk
00:43:37]} {[%emt 00:08:57]} Nf6 {[%clk 01:05:15]} {[%emt 00:04:27]} 18. Nh4
{[%clk 00:42:42]} {[%emt 00:01:25]} Bh7 {[%clk 01:01:51]} {[%emt 00:03:54]} 19.
g3 {[%clk 00:37:51]} {[%emt 00:05:21]} Nxg4 {[%clk 00:56:02]} {[%emt 00:06:19]}
20. Bxa7 {[%clk 00:38:05]} {[%emt 00:00:15]} Rxa7 {[%clk 00:55:44]} {[%emt
00:00:48]} 21. hxg4 {[%clk 00:36:41]} {[%emt 00:01:55]} Qf6 {[%clk 00:39:22]}
{[%emt 00:16:52]} 22. Qe2 {[%clk 00:35:49]} {[%emt 00:01:21]} g5 {[%clk
00:37:41]} {[%emt 00:02:11]} 23. Ng2 {[%clk 00:35:34]} {[%emt 00:00:45]} Qf3
{[%clk 00:36:03]} {[%emt 00:02:08]} 24. Qxf3 {[%clk 00:35:40]} {[%emt
00:00:24]} Rxf3 {[%clk 00:36:23]} {[%emt 00:00:10]} 25. Ne1 {[%clk 00:36:02]}
{[%emt 00:00:08]} Rf6 {[%clk 00:32:46]} {[%emt 00:04:08]} 26. Rd1 {[%clk
00:31:53]} {[%emt 00:04:39]} Ra8 {[%clk 00:27:06]} {[%emt 00:06:10]} 27. Bd5
{[%clk 00:31:02]} {[%emt 00:01:20]} Bg8 {[%clk 00:26:07]} {[%emt 00:01:29]} 28.
Bxg8 {[%clk 00:30:02]} {[%emt 00:01:31]} Kxg8 {[%clk 00:26:12]} {[%emt
00:00:25]} 29. Nc2 {[%clk 00:28:29]} {[%emt 00:02:03]} d5 {[%clk 00:16:31]}
{[%emt 00:10:11]} 30. Rfe1 {[%clk 00:22:14]} {[%emt 00:06:45]} Re8 {[%clk
00:10:21]} {[%emt 00:06:40]} 31. a3 {[%clk 00:22:13]} {[%emt 00:00:32]} Re7
{[%clk 00:08:45]} {[%emt 00:02:06]} 32. Ne3 {[%clk 00:21:25]} {[%emt 00:01:18]}
Ref7 {[%clk 00:03:34]} {[%emt 00:05:41]} 33. Rd2 {[%clk 00:14:08]} {[%emt
00:07:47]} d4 {[%clk 00:01:57]} {[%emt 00:02:08]} 34. Nd5 {[%clk 00:13:52]}
{[%emt 00:00:46]} dxc3 {[%clk 00:00:45]} {[%emt 00:01:42]} 35. Nxf6+ {[%clk
00:12:48]} {[%emt 00:01:34]} Rxf6 {[%clk 00:01:14]} {[%emt 00:00:01]} 36. Rc2
{[%clk 00:13:04]} {[%emt 00:00:13]} Nd4 {[%clk 00:01:35]} {[%emt 00:00:09]} 37.
Rxc3 {[%clk 00:13:21]} {[%emt 00:00:13]} Nf3+ {[%clk 00:01:54]} {[%emt
00:00:12]} 38. Kf1 {[%clk 00:13:41]} {[%emt 00:00:10]} Nxe1 {[%clk 00:02:22]}
{[%emt 00:00:02]} 39. Kxe1 {[%clk 00:13:53]} {[%emt 00:00:18]} Rf7 {[%clk
00:02:32]} {[%emt 00:00:20]} 40. Ke2 {[%clk 00:13:31]} {[%emt 00:00:51]} Re7
{[%clk 00:00:52]} {[%emt 00:02:11]} 41. Ke3 {[%clk 00:12:21]} {[%emt 00:01:40]}
Kf7 {[%clk 00:28:55]} {[%emt 00:02:27]} 42. Ke4 {[%clk 00:42:28]} {[%emt
00:00:23]} Kf6 {[%clk 00:27:52]} {[%emt 00:01:33]} 43. Rc5 {[%clk 00:39:16]}
{[%emt 00:03:42]} c6 {[%clk 00:27:44]} {[%emt 00:00:38]} 44. a4 {[%clk
00:37:35]} {[%emt 00:02:11]} Re6 {[%clk 00:23:17]} {[%emt 00:04:57]} 45. a5
{[%clk 00:34:22]} {[%emt 00:03:43]} Re7 {[%clk 00:21:15]} {[%emt 00:02:33]} 46.
d4 {[%clk 00:25:40]} {[%emt 00:09:12]} exd4+ {[%clk 00:17:36]} {[%emt
00:04:08]} 47. Kxd4 {[%clk 00:25:58]} {[%emt 00:00:13]} Rd7+ {[%clk 00:17:08]}
{[%emt 00:00:58]} 48. Kc4 {[%clk 00:25:01]} {[%emt 00:01:27]} Rd2 {[%clk
00:14:16]} {[%emt 00:03:22]} 49. Rf5+ {[%clk 00:25:22]} {[%emt 00:00:09]} Ke7
{[%clk 00:14:19]} {[%emt 00:00:27]} 50. Kc5 {[%clk 00:24:27]} {[%emt 00:01:25]}
Ke6 {[%clk 00:06:30]} {[%emt 00:08:19]} 51. f3 {[%clk 00:22:37]} {[%emt
00:02:20]} Rb2 {[%clk 00:02:38]} {[%emt 00:04:22]} 52. f4 {[%clk 00:20:09]}
{[%emt 00:02:58]} gxf4 {[%clk 00:01:11]} {[%emt 00:01:57]} 53. gxf4 {[%clk
00:20:33]} {[%emt 00:00:06]} Rg2 {[%clk 00:01:18]} {[%emt 00:00:23]} 54. Rh5
{[%clk 00:14:11]} {[%emt 00:06:51]} Rxg4 {[%clk 00:01:21]} {[%emt 00:00:27]}
55. Rxh6+ {[%clk 00:14:37]} {[%emt 00:00:04]} Kd7 {[%clk 00:01:05]} {[%emt
00:00:46]} 56. Rh7+ {[%clk 00:11:25]} {[%emt 00:03:43]} Kc8 {[%clk 00:01:03]}
{[%emt 00:00:32]} 57. Rf7 {[%clk 00:11:39]} {[%emt 00:00:16]} Rg6 {[%clk
00:00:40]} {[%emt 00:00:53]} 58. Kb6 {[%clk 00:09:32]} {[%emt 00:02:37]} c5+
{[%clk 00:00:55]} {[%emt 00:00:15]} 59. Kxc5 {[%clk 00:09:50]} {[%emt
00:00:12]} Rc6+ {[%clk 00:01:09]} {[%emt 00:00:16]} 60. Kd5 {[%clk 00:09:51]}
{[%emt 00:00:30]} Rc1 {[%clk 00:00:48]} {[%emt 00:00:51]} 61. Re7 {[%clk
00:06:18]} {[%emt 00:04:02]} Rf1 {[%clk 00:00:54]} {[%emt 00:00:24]} 62. Re4
{[%clk 00:06:36]} {[%emt 00:00:12]} Kd7 {[%clk 00:01:03]} {[%emt 00:00:20]} 63.
Ke5 {[%clk 00:06:50]} {[%emt 00:00:16]} Rg1 {[%clk 00:00:34]} {[%emt 00:00:59]}
64. Kf6 {[%clk 00:04:56]} {[%emt 00:02:25]} Rg4 {[%clk 00:00:51]} {[%emt
00:00:13]} 65. Rd4+ {[%clk 00:05:22]} {[%emt 00:00:04]} Ke8 {[%clk 00:00:42]}
{[%emt 00:00:39]} 66. Re4+ {[%clk 00:04:31]} {[%emt 00:01:21]} Kd7 {[%clk
00:01:06]} {[%emt 00:00:06]} 67. Ke5 {[%clk 00:04:52]} {[%emt 00:00:09]} Rg1
{[%clk 00:00:47]} {[%emt 00:00:49]} 68. f5 {[%clk 00:05:03]} {[%emt 00:00:20]}
Ke7 {[%clk 00:00:52]} {[%emt 00:00:24]} 69. Kd5+ {[%clk 00:04:14]} {[%emt
00:01:19]} Kf6 {[%clk 00:00:59]} {[%emt 00:00:23]} 70. Kc5 {[%clk 00:04:21]}
{[%emt 00:00:23]} Rg7 {[%clk 00:00:35]} {[%emt 00:00:54]} 71. Rf4 {[%clk
00:01:55]} {[%emt 00:02:56]} Rd7 {[%clk 00:00:45]} {[%emt 00:00:20]} 72. Kb6
{[%clk 00:01:54]} {[%emt 00:00:31]} Ke5 {[%clk 00:00:38]} {[%emt 00:00:37]} 73.
Rc4 {[%clk 00:01:50]} {[%emt 00:00:34]} Kxf5 {[%clk 00:00:39]} {[%emt
00:00:28]} 74. Rc7 {[%clk 00:02:15]} {[%emt 00:00:05]} Rd5 {[%clk 00:00:49]}
{[%emt 00:00:20]} 75. Rc5 {[%clk 00:02:25]} {[%emt 00:00:20]} 1-0

[Event "DVM U16 2021"]
[Site "Kiel GER"]
[Date "2022.07.25"]
[Round "5"]
[White "Morgenstern, Tobias"]
[Black "Schröder, Lennart"]
[Result "1/2-1/2"]
[Termination "normal"]
[Board "1.2"]
[WhiteElo "1901"]
[BlackElo "2023"]
[WhiteClock "00:19:35"]
[BlackClock "00:03:39"]
[WhiteTeam "Schachzwerge Magdeburg"]
[BlackTeam "Schachklub Münster 32 e. V."]
[PlyCount "87"]
[WhiteFideId "12974390"]
[BlackFideId "16222490"]
[EventCountry "GER"]
[EventRounds "7"]
[EventType "team-swiss"]
[EventDate "2022.07.22"]

1. e4 {[%clk 01:30:58]} c5 {[%clk 01:30:48]} {[%emt 00:00:13]} 2. Nf3 {[%clk
01:31:24]} {[%emt 00:00:05]} Nc6 {[%clk 01:30:57]} {[%emt 00:00:21]} 3. d4
{[%clk 01:30:36]} {[%emt 00:01:18]} cxd4 {[%clk 01:31:12]} {[%emt 00:00:15]} 4.
Nxd4 {[%clk 01:31:01]} {[%emt 00:00:05]} e5 {[%clk 01:31:14]} {[%emt 00:00:28]}
5. Nb5 {[%clk 01:31:12]} {[%emt 00:00:19]} d6 {[%clk 01:31:32]} {[%emt
00:00:12]} 6. N1c3 {[%clk 01:31:27]} {[%emt 00:00:15]} a6 {[%clk 01:31:48]}
{[%emt 00:00:14]} 7. Na3 {[%clk 01:31:52]} {[%emt 00:00:05]} Be7 {[%clk
01:32:10]} {[%emt 00:00:08]} 8. Nd5 {[%clk 01:25:34]} {[%emt 00:06:49]} Nf6
{[%clk 01:32:12]} {[%emt 00:00:27]} 9. Nxe7 {[%clk 01:24:42]} {[%emt 00:01:22]}
Nxe7 {[%clk 01:32:30]} {[%emt 00:00:12]} 10. Nc4 {[%clk 01:11:49]} {[%emt
00:13:23]} Nxe4 {[%clk 01:32:28]} {[%emt 00:00:31]} 11. f3 {[%clk 01:08:07]}
{[%emt 00:04:12]} b5 {[%clk 01:32:50]} {[%emt 00:00:08]} 12. fxe4 {[%clk
01:06:55]} {[%emt 00:01:42]} bxc4 {[%clk 01:33:12]} {[%emt 00:00:08]} 13. Bxc4
{[%clk 01:06:34]} {[%emt 00:00:50]} Bb7 {[%clk 01:33:29]} {[%emt 00:00:14]} 14.
Qe2 {[%clk 00:58:11]} {[%emt 00:08:53]} d5 {[%clk 01:27:49]} {[%emt 00:06:10]}
15. exd5 {[%clk 00:55:55]} {[%emt 00:02:46]} Bxd5 {[%clk 01:28:02]} {[%emt
00:00:17]} 16. Bxd5 {[%clk 00:54:48]} {[%emt 00:01:37]} Qxd5 {[%clk 01:28:21]}
{[%emt 00:00:10]} 17. O-O {[%clk 00:54:54]} {[%emt 00:00:25]} O-O {[%clk
01:27:49]} {[%emt 00:01:02]} 18. c4 {[%clk 00:52:39]} {[%emt 00:02:45]} Qe6
{[%clk 01:26:50]} {[%emt 00:01:28]} 19. b3 {[%clk 00:52:37]} {[%emt 00:00:32]}
Nc6 {[%clk 01:23:50]} {[%emt 00:03:30]} 20. Bb2 {[%clk 00:51:31]} {[%emt
00:01:35]} f5 {[%clk 01:20:19]} {[%emt 00:04:01]} 21. Rad1 {[%clk 00:49:07]}
{[%emt 00:02:53]} Rad8 {[%clk 01:15:12]} {[%emt 00:05:37]} 22. Qf3 {[%clk
00:44:13]} {[%emt 00:05:24]} g6 {[%clk 01:10:01]} {[%emt 00:05:41]} 23. Rd5
{[%clk 00:36:46]} {[%emt 00:07:58]} Nd4 {[%clk 00:57:00]} {[%emt 00:13:31]} 24.
Bxd4 {[%clk 00:34:13]} {[%emt 00:03:03]} exd4 {[%clk 00:57:23]} {[%emt
00:00:06]} 25. Rd1 {[%clk 00:32:11]} {[%emt 00:02:32]} Rfe8 {[%clk 00:48:26]}
{[%emt 00:09:27]} 26. h3 {[%clk 00:31:11]} {[%emt 00:01:29]} Rxd5 {[%clk
00:46:13]} {[%emt 00:02:44]} 27. cxd5 {[%clk 00:26:59]} {[%emt 00:04:42]} Qd6
{[%clk 00:29:34]} {[%emt 00:17:09]} 28. Rxd4 {[%clk 00:22:40]} {[%emt
00:04:49]} Qc5 {[%clk 00:20:04]} {[%emt 00:10:00]} 29. Qf2 {[%clk 00:22:13]}
{[%emt 00:00:57]} Rd8 {[%clk 00:17:17]} {[%emt 00:03:18]} 30. b4 {[%clk
00:18:14]} {[%emt 00:04:27]} Qb6 {[%clk 00:16:38]} {[%emt 00:01:10]} 31. a3
{[%clk 00:18:32]} {[%emt 00:00:13]} a5 {[%clk 00:15:17]} {[%emt 00:01:51]} 32.
Rd1 {[%clk 00:12:53]} {[%emt 00:06:08]} Qxf2+ {[%clk 00:14:04]} {[%emt
00:01:43]} 33. Kxf2 {[%clk 00:13:15]} {[%emt 00:00:08]} axb4 {[%clk 00:14:20]}
{[%emt 00:00:14]} 34. axb4 {[%clk 00:13:33]} {[%emt 00:00:11]} Kf7 {[%clk
00:13:44]} {[%emt 00:01:06]} 35. Ke3 {[%clk 00:13:03]} {[%emt 00:01:00]} Re8+
{[%clk 00:13:47]} {[%emt 00:00:27]} 36. Kf3 {[%clk 00:10:14]} {[%emt 00:03:19]}
Re4 {[%clk 00:13:53]} {[%emt 00:00:24]} 37. d6 {[%clk 00:09:29]} {[%emt
00:01:15]} Ke8 {[%clk 00:14:18]} {[%emt 00:00:05]} 38. d7+ {[%clk 00:09:23]}
{[%emt 00:00:36]} Kd8 {[%clk 00:14:44]} {[%emt 00:00:04]} 39. b5 {[%clk
00:09:47]} {[%emt 00:00:06]} Re5 {[%clk 00:11:31]} {[%emt 00:03:42]} 40. b6
{[%clk 00:10:00]} {[%emt 00:00:17]} Rb5 {[%clk 00:11:56]} {[%emt 00:00:05]} 41.
Rd6 {[%clk 00:10:09]} {[%emt 00:00:21]} g5 {[%clk 00:03:27]} {[%emt 00:08:59]}
42. Ke3 {[%clk 00:04:27]} {[%emt 00:06:11]} Rb2 {[%clk 00:03:39]} {[%emt
00:00:19]} 43. Kf3 {[%clk 00:04:26]} {[%emt 00:00:31]} Rb5 {[%clk 00:03:39]}
{[%emt 00:00:30]} 44. Ke3 {[%clk 00:19:35]} {[%emt 00:15:21]} 1/2-1/2

[Event "DVM U16 2021"]
[Site "Kiel GER"]
[Date "2022.07.25"]
[Round "5"]
[White "Toval, David"]
[Black "Zeuner, Ole"]
[Result "0-1"]
[Termination "normal"]
[Board "1.3"]
[WhiteElo "1830"]
[BlackElo "1796"]
[WhiteClock "00:00:40"]
[BlackClock "00:32:35"]
[WhiteTeam "Schachklub Münster 32 e. V."]
[BlackTeam "Schachzwerge Magdeburg"]
[PlyCount "42"]
[WhiteFideId "12992755"]
[BlackFideId "12943576"]
[EventCountry "GER"]
[EventRounds "7"]
[EventType "team-swiss"]
[EventDate "2022.07.22"]

1. e4 {[%clk 01:30:57]} {[%emt 00:00:02]} e5 {[%clk 01:30:54]} {[%emt
00:00:07]} 2. Nf3 {[%clk 01:31:23]} {[%emt 00:00:05]} Nc6 {[%clk 01:31:17]}
{[%emt 00:00:06]} 3. Bb5 {[%clk 01:31:20]} {[%emt 00:00:33]} a6 {[%clk
01:31:38]} {[%emt 00:00:08]} 4. Ba4 {[%clk 01:31:44]} {[%emt 00:00:06]} d6
{[%clk 01:31:52]} {[%emt 00:00:17]} 5. c3 {[%clk 01:30:40]} {[%emt 00:01:35]}
f5 {[%clk 01:32:08]} {[%emt 00:00:14]} 6. exf5 {[%clk 01:30:57]} {[%emt
00:00:13]} Bxf5 {[%clk 01:32:26]} {[%emt 00:00:11]} 7. d4 {[%clk 01:28:14]}
{[%emt 00:03:13]} e4 {[%clk 01:32:09]} {[%emt 00:00:48]} 8. d5 {[%clk
01:25:43]} {[%emt 00:03:01]} exf3 {[%clk 01:32:03]} {[%emt 00:00:35]} 9. dxc6
{[%clk 01:25:15]} {[%emt 00:00:58]} b5 {[%clk 01:32:26]} {[%emt 00:00:08]} 10.
Bb3 {[%clk 01:22:41]} {[%emt 00:03:04]} fxg2 {[%clk 01:29:39]} {[%emt
00:03:16]} 11. Rg1 {[%clk 01:23:04]} {[%emt 00:00:07]} Nf6 {[%clk 01:17:26]}
{[%emt 00:12:43]} 12. a4 {[%clk 00:42:56]} {[%emt 00:40:38]} Qe7+ {[%clk
01:01:27]} {[%emt 00:16:29]} 13. Be3 {[%clk 00:39:33]} {[%emt 00:03:54]} Qe5
{[%clk 00:59:16]} {[%emt 00:02:41]} 14. Rxg2 {[%clk 00:20:34]} {[%emt
00:19:29]} Qe4 {[%clk 00:51:00]} {[%emt 00:08:46]} 15. Rg5 {[%clk 00:17:00]}
{[%emt 00:04:03]} bxa4 {[%clk 00:40:05]} {[%emt 00:11:25]} 16. Rxa4 {[%clk
00:03:55]} {[%emt 00:13:34]} Qh1+ {[%clk 00:35:03]} {[%emt 00:05:32]} 17. Ke2
{[%clk 00:03:32]} {[%emt 00:00:53]} Qxd1+ {[%clk 00:35:23]} {[%emt 00:00:10]}
18. Bxd1 {[%clk 00:01:51]} {[%emt 00:02:11]} Bxb1 {[%clk 00:35:40]} {[%emt
00:00:12]} 19. b4 {[%clk 00:01:15]} {[%emt 00:01:07]} Ne4 {[%clk 00:35:10]}
{[%emt 00:01:00]} 20. Rga5 {[%clk 00:00:38]} {[%emt 00:01:06]} Nxc3+ {[%clk
00:35:21]} {[%emt 00:00:20]} 21. Kf3 {[%clk 00:00:40]} {[%emt 00:00:28]} Be4+
{[%clk 00:32:35]} {[%emt 00:03:16]} 0-1

[Event "DVM U16 2021"]
[Site "Kiel GER"]
[Date "2022.07.25"]
[Round "5"]
[White "Pohle, Saskia"]
[Black "Kvantaliani, Saba"]
[Result "0-1"]
[Termination "normal"]
[Board "1.4"]
[WhiteElo "1845"]
[BlackElo "1664"]
[WhiteClock "00:06:58"]
[BlackClock "00:36:07"]
[WhiteTeam "Schachzwerge Magdeburg"]
[BlackTeam "Schachklub Münster 32 e. V."]
[PlyCount "52"]
[WhiteFideId "16201604"]
[BlackFideId "16284364"]
[EventCountry "GER"]
[EventRounds "7"]
[EventType "team-swiss"]
[EventDate "2022.07.22"]

1. e4 {[%clk 01:30:59]} c5 {[%clk 01:30:54]} {[%emt 00:00:06]} 2. Nf3 {[%clk
01:31:23]} {[%emt 00:00:05]} d6 {[%clk 01:31:19]} {[%emt 00:00:06]} 3. d4
{[%clk 01:31:49]} {[%emt 00:00:05]} cxd4 {[%clk 01:31:44]} {[%emt 00:00:04]} 4.
Nxd4 {[%clk 01:32:13]} {[%emt 00:00:06]} Nf6 {[%clk 01:32:11]} {[%emt
00:00:04]} 5. Nc3 {[%clk 01:32:36]} {[%emt 00:00:07]} g6 {[%clk 01:32:37]}
{[%emt 00:00:04]} 6. Be3 {[%clk 01:32:57]} {[%emt 00:00:09]} Bg7 {[%clk
01:33:02]} {[%emt 00:00:05]} 7. f3 {[%clk 01:33:19]} {[%emt 00:00:09]} Nc6
{[%clk 01:33:25]} {[%emt 00:00:07]} 8. Qd2 {[%clk 01:33:42]} {[%emt 00:00:08]}
h5 {[%clk 01:33:41]} {[%emt 00:00:13]} 9. Bc4 {[%clk 01:32:48]} {[%emt
00:01:23]} Bd7 {[%clk 01:34:05]} {[%emt 00:00:07]} 10. Bb3 {[%clk 01:31:00]}
{[%emt 00:02:18]} a6 {[%clk 01:33:24]} {[%emt 00:01:11]} 11. O-O {[%clk
01:27:48]} {[%emt 00:03:41]} O-O {[%clk 01:31:38]} {[%emt 00:02:16]} 12. h3
{[%clk 01:18:30]} {[%emt 00:09:48]} b5 {[%clk 01:26:44]} {[%emt 00:05:25]} 13.
a3 {[%clk 01:17:44]} {[%emt 00:01:16]} Ne5 {[%clk 01:22:22]} {[%emt 00:04:52]}
14. f4 {[%clk 01:12:05]} {[%emt 00:06:09]} Nc4 {[%clk 01:22:40]} {[%emt
00:00:12]} 15. Bxc4 {[%clk 01:12:03]} {[%emt 00:00:32]} bxc4 {[%clk 01:23:06]}
{[%emt 00:00:04]} 16. f5 {[%clk 01:07:04]} {[%emt 00:05:30]} Rb8 {[%clk
01:21:10]} {[%emt 00:02:26]} 17. Rab1 {[%clk 01:02:32]} {[%emt 00:05:02]} Qa5
{[%clk 01:18:38]} {[%emt 00:03:01]} 18. Rf2 {[%clk 00:44:21]} {[%emt 00:18:41]}
Qe5 {[%clk 01:15:33]} {[%emt 00:03:35]} 19. fxg6 {[%clk 00:34:19]} {[%emt
00:10:32]} fxg6 {[%clk 01:03:53]} {[%emt 00:12:11]} 20. Qe2 {[%clk 00:32:39]}
{[%emt 00:02:10]} Nxe4 {[%clk 01:02:49]} {[%emt 00:01:33]} 21. Qxc4+ {[%clk
00:32:49]} {[%emt 00:00:20]} Kh8 {[%clk 01:01:19]} {[%emt 00:02:00]} 22. Re2
{[%clk 00:20:04]} {[%emt 00:13:14]} Rfc8 {[%clk 00:45:56]} {[%emt 00:15:53]}
23. Qa2 {[%clk 00:12:16]} {[%emt 00:08:19]} Nxc3 {[%clk 00:35:51]} {[%emt
00:10:35]} 24. bxc3 {[%clk 00:12:32]} {[%emt 00:00:13]} Rxb1+ {[%clk 00:36:03]}
{[%emt 00:00:18]} 25. Qxb1 {[%clk 00:12:53]} {[%emt 00:00:09]} Rxc3 {[%clk
00:36:26]} {[%emt 00:00:07]} 26. Qc1 {[%clk 00:06:58]} {[%emt 00:06:25]} Rxe3
{[%clk 00:36:07]} {[%emt 00:00:48]} 0-1

[Event "DVM U16 2021"]
[Site "Kiel GER"]
[Date "2022.07.25"]
[Round "5"]
[White "Müller, Magnus"]
[Black "Bui, Bao Anh Le"]
[Result "1/2-1/2"]
[Termination "normal"]
[Board "2.1"]
[WhiteElo "2021"]
[BlackElo "2109"]
[WhiteClock "00:06:13"]
[BlackClock "00:01:20"]
[WhiteTeam "ESV Gera"]
[BlackTeam "SV Mattnetz Berlin e.V."]
[PlyCount "65"]
[WhiteFideId "16230060"]
[BlackFideId "12970719"]
[EventCountry "GER"]
[EventRounds "7"]
[EventType "team-swiss"]
[EventDate "2022.07.22"]

1. e4 {[%clk 01:30:19]} {[%emt 00:00:38]} c5 {[%clk 01:30:19]} {[%emt
00:00:41]} 2. Nc3 {[%clk 01:30:43]} {[%emt 00:00:06]} Nc6 {[%clk 01:29:21]}
{[%emt 00:01:28]} 3. Nge2 {[%clk 01:31:07]} {[%emt 00:00:06]} g6 {[%clk
01:28:16]} {[%emt 00:01:36]} 4. d4 {[%clk 01:31:28]} {[%emt 00:00:09]} cxd4
{[%clk 01:27:59]} {[%emt 00:00:46]} 5. Nxd4 {[%clk 01:31:54]} {[%emt 00:00:05]}
Bg7 {[%clk 01:28:21]} {[%emt 00:00:06]} 6. Be3 {[%clk 01:32:21]} {[%emt
00:00:04]} Nf6 {[%clk 01:26:03]} {[%emt 00:02:49]} 7. Bc4 {[%clk 01:27:16]}
{[%emt 00:05:34]} O-O {[%clk 01:26:03]} {[%emt 00:00:29]} 8. Bb3 {[%clk
01:24:00]} {[%emt 00:03:47]} Re8 {[%clk 01:24:40]} {[%emt 00:01:53]} 9. O-O
{[%clk 01:15:29]} {[%emt 00:09:01]} d6 {[%clk 01:11:08]} {[%emt 00:14:03]} 10.
h3 {[%clk 01:13:14]} {[%emt 00:02:44]} a5 {[%clk 01:06:52]} {[%emt 00:04:46]}
11. a4 {[%clk 01:01:21]} {[%emt 00:12:23]} Bd7 {[%clk 00:55:20]} {[%emt
00:12:02]} 12. f4 {[%clk 00:56:18]} {[%emt 00:05:32]} Nxd4 {[%clk 00:35:23]}
{[%emt 00:20:28]} 13. Bxd4 {[%clk 00:55:53]} {[%emt 00:00:55]} Bc6 {[%clk
00:35:20]} {[%emt 00:00:32]} 14. Qd3 {[%clk 00:46:06]} {[%emt 00:10:17]} e5
{[%clk 00:18:01]} {[%emt 00:17:49]} 15. fxe5 {[%clk 00:44:48]} {[%emt
00:01:48]} dxe5 {[%clk 00:18:17]} {[%emt 00:00:14]} 16. Be3 {[%clk 00:44:45]}
{[%emt 00:00:33]} Qxd3 {[%clk 00:07:24]} {[%emt 00:11:23]} 17. cxd3 {[%clk
00:45:08]} {[%emt 00:00:07]} Bd7 {[%clk 00:06:58]} {[%emt 00:00:57]} 18. Bg5
{[%clk 00:44:31]} {[%emt 00:01:07]} Be6 {[%clk 00:05:59]} {[%emt 00:01:29]} 19.
Bxe6 {[%clk 00:40:37]} {[%emt 00:04:23]} Rxe6 {[%clk 00:06:24]} {[%emt
00:00:05]} 20. Bxf6 {[%clk 00:38:47]} {[%emt 00:02:21]} Bxf6 {[%clk 00:06:44]}
{[%emt 00:00:09]} 21. Nd5 {[%clk 00:39:10]} {[%emt 00:00:07]} Bd8 {[%clk
00:07:10]} {[%emt 00:00:05]} 22. Rfc1 {[%clk 00:38:57]} {[%emt 00:00:42]} Rc6
{[%clk 00:07:22]} {[%emt 00:00:18]} 23. Kf1 {[%clk 00:35:15]} {[%emt 00:04:12]}
Rac8 {[%clk 00:05:25]} {[%emt 00:02:27]} 24. Rc3 {[%clk 00:35:36]} {[%emt
00:00:09]} Bg5 {[%clk 00:05:30]} {[%emt 00:00:26]} 25. Ke2 {[%clk 00:35:27]}
{[%emt 00:00:38]} Kg7 {[%clk 00:04:55]} {[%emt 00:01:05]} 26. Raa3 {[%clk
00:33:21]} {[%emt 00:02:36]} Bd8 {[%clk 00:01:09]} {[%emt 00:04:16]} 27. Rab3
{[%clk 00:30:12]} {[%emt 00:03:40]} Rxc3 {[%clk 00:00:55]} {[%emt 00:00:44]}
28. Rxc3 {[%clk 00:23:31]} {[%emt 00:07:11]} Rc6 {[%clk 00:01:04]} {[%emt
00:00:20]} 29. g4 {[%clk 00:19:52]} {[%emt 00:04:09]} Kh6 {[%clk 00:00:39]}
{[%emt 00:00:56]} 30. Kf3 {[%clk 00:18:27]} {[%emt 00:01:54]} Kg7 {[%clk
00:00:44]} {[%emt 00:00:25]} 31. Ke2 {[%clk 00:18:02]} {[%emt 00:00:55]} Kh6
{[%clk 00:00:54]} {[%emt 00:00:20]} 32. Kf3 {[%clk 00:18:29]} {[%emt 00:00:04]}
Kg7 {[%clk 00:01:20]} {[%emt 00:00:04]} 33. Ke2 {[%clk 00:06:13]} {[%emt
00:12:45]} 1/2-1/2